000 00444nam a2200181Ia 4500
008 230725s1997 xx 000 0 und d
041 _aeng
082 _a615
_bMOH
100 _aMOHAMMOED ALI,GUPTA
245 _aDRUG STORE AND BUSINESS MANAGEMENT
260 _bC.B.S. PUBLISHERS & DISTRUTORS
_c1997
300 _a344
365 _h10
500 _aTEXT BOOK
501 _aPMM
520 _aPB
650 _aPHARMA MARKETING MANAGEMENT
999 _c767735
_d767735